Le monde physique (Record no. 162189)

MARC details
000 -LEADER
campo de control de longitud fija 00732nam a22001935i 4500
001 - NÚMERO DE CONTROL
campo de control 162189
003 - IDENTIFICADOR DE NÚMERO DE CONTROL
campo de control ES-MaACL
005 - FECHA Y HORA DE LA ÚLTIMA TRANSACCIÓN
campo de control 20230906212441.0
008 - DATOS DE LONGITUD FIJA--INFORMACIÓN GENERAL
campo de control de longitud fija 940301s1892 fr |||| | fre d
040 ## - FUENTE DE CATALOGACIÓN
Centro catalogador/agencia de origen AS
Lengua de catalogación spa
100 1# - ENTRADA PRINCIPAL--NOMBRE DE PERSONA
Nombre de persona Pioger, Julien.
9 (RLIN) 131174
245 13 - MENCIÓN DEL TÍTULO
Título Le monde physique
Resto del título : essai de conception expérimentale /
Mención de responsabilidad, etc. par le Dr. Julien Pioger.
260 ## - PUBLICACIÓN, DISTRIBUCIÓN, ETC.
Lugar de publicación, distribución, etc. Paris :
Nombre del editor, distribuidor, etc. Ancienne librairie Germer Baillière & c\pie\s, Félix Alcan éditeur,
Fecha de publicación, distribución, etc. 1892 (
Lugar de fabricación/manufactura Le Mans :
Fabricante Ass. ouv. de l'imp. Drouin)
300 ## - DESCRIPCIÓN FÍSICA
Extensión 174 p. ;
Dimensiones 19 cm.
490 1# - MENCIÓN DE SERIE
Mención de serie Bibliothèque de philosophie contemporainé
830 0# - PUNTO DE ACCESO ADICIONAL DE SERIE-TÍTULO UNIFORME
Título uniforme Bibliothèque de philosophie contemporainé
9 (RLIN) 181027
852 ## - LOCALIZACIÓN
Ubicación ES-MaACL
Número de control de estantería F-11627
Nota libre -- Enc. pasta
Holdings
Estatus retirado Estado de pérdida Estado de daño No para préstamo Colección Biblioteca de origen Biblioteca actual Ubicación en estantería Fecha de adquisición Fuente de adquisición Total de préstamos Signatura topográfica completa Código de barras Visto por última vez Precio de reemplazo Tipo de ítem Koha
        Libros del s. XIX Biblioteca del Ateneo de Madrid Biblioteca del Ateneo de Madrid Sala Pecera Planta 2 17/01/2008     F-11627 1169911 23/02/2023 23/02/2023 Libro impreso antiguo